| 000 | 00393nam a22001577a 4500 | ||
|---|---|---|---|
| 003 | BD-DhUL | ||
| 005 | 20170525152602.0 | ||
| 008 | 170525b xxu||||| |||| 00| 0 eng d | ||
| 040 |
_cBD-DhUL _dBD-DhUL |
||
| 082 |
_a737 _bWHM |
||
| 100 | _aWhitehead | ||
| 245 | _aThe Mint towns of the Mughal emperora of India | ||
| 300 | _a569 p. ; 24 cm. | ||
| 650 | _xMints -- India | ||
| 942 |
_2ddc _cBK |
||
| 999 |
_c203127 _d203127 |
||